• 首页
  • 本馆介绍
  • 公告通知
  • 最新文献
  • 馆藏检索
  • 电子资源
  • 读者导购
  • 参考咨询
  • 我的图书馆
  • 登录
  • 详细信息显示
  • 放入我的书架
  • 预约/预借图书
  • 作者相关作品
  • 分类相关作品
  • 丛书相关作品
  • 出版社相关作品

书目信息

  • 表格格式
  • 工作单格式
  • 卡片格式
题名:
“技控”革命
    
 
作者: 易虹 , 朱文浩 著
分册:  
出版信息: 南京   江苏人民出版社  2017
页数: 357页
开本: 23cm
丛书名:
单 册:
中图分类: F272.5
科图分类:
主题词: 企业绩效--企业管理
电子资源:
ISBN: 978-7-214-19652-1
000 00971nam0 2200253 450
001 012001012368
005 20141124114512.0
010    @a978-7-214-19652-1@dCNY58.00
100    @a20181129d2017 em y0chiy50 ea
101 0  @achi
102    @aCN@b320000
105    @aa z 000yy
106    @ar
200 1  @a“技控”革命@9“ji kong”ge ming@e从培训管理到绩效改进@f易虹,朱文浩著
210    @a南京@c江苏人民出版社@d2017
215    @a357页@c图@d23cm
330    @a本书介绍了绩效改进的基础内容,包括绩效改进的相关概念、历史、理论、原则、模型,以及绩效改进顾问的基本胜任力等等,重点提出了“先技控再人控”的概念,并阐述了绩效改进的基本流程,包括探索发现、选择设计、实施巩固与评估改善。
517 1  @a从培训管理到绩效改进@9cong pei xun guan li dao ji xiao gai jin
606 0  @a企业绩效@x企业管理
690    @aF272.5@v5
701  0 @a易虹@9yi hong@c(女)@4著
701  0 @a朱文浩@9zhu wen hao@4著
801  0 @aCN@b上海新华@c20191020
905    @b1179003-6@dF272.5@e1686@f4
    
    “技控”革命:从培训管理到绩效改进/易虹,朱文浩著.-南京:江苏人民出版社,2017
    357页:图;23cm
    
    
    ISBN 978-7-214-19652-1:CNY58.00
    本书介绍了绩效改进的基础内容,包括绩效改进的相关概念、历史、理论、原则、模型,以及绩效改进顾问的基本胜任力等等,重点提出了“先技控再人控”的概念,并阐述了绩效改进的基本流程,包括探索发现、选择设计、实施巩固与评估改善。
●
相关链接 在E读中查询图书 在五车中查询图书 在当当中查询图书 在豆瓣中查询图书


正题名:"技控"革命     索取号:F272.5/1686         预约/预借

序号 登录号 条形码 馆藏地/架位号 状态 备注
1 1179003   211790034   第一样本阅览室/ [索取号:F272.5/1686] 在馆    
2 1179004   211790043   第一借阅区/ [索取号:F272.5/1686] 在馆    
3 1179005   211790052   第一借阅区/ [索取号:F272.5/1686] 在馆    
4 1179006   211790061   第一借阅区/ [索取号:F272.5/1686] 在馆    
唐山师范学院图书馆 欢迎您!
大连网信软件有限公司© 版权所有